|
|
|
|
| LEADER |
01736nam a2200445 a 4500 |
| 001 |
EBC3417270 |
| 003 |
MiAaPQ |
| 005 |
20200520144314.0 |
| 006 |
m o d | |
| 007 |
cr cn||||||||| |
| 008 |
111202s2012 miu sb 001 0 eng d |
| 010 |
|
|
|z 2011049011
|
| 020 |
|
|
|z 9780880993852 (pbk. : alk. paper)
|
| 020 |
|
|
|z 0880993855 (pbk. : alk. paper)
|
| 020 |
|
|
|z 9780880993869 (hbk. : alk. paper)
|
| 020 |
|
|
|z 0880993863 (hbk. : alk. paper)
|
| 020 |
|
|
|a 9780880993944 (electronic bk.)
|
| 035 |
|
|
|a (MiAaPQ)EBC3417270
|
| 035 |
|
|
|a (Au-PeEL)EBL3417270
|
| 035 |
|
|
|a (CaPaEBR)ebr10527310
|
| 035 |
|
|
|a (OCoLC)775447008
|
| 040 |
|
|
|a MiAaPQ
|c MiAaPQ
|d MiAaPQ
|
| 043 |
|
|
|a n-us---
|
| 050 |
|
4 |
|a HD2346.U5
|b L56 2012
|
| 082 |
0 |
4 |
|a 331.12/5
|2 23
|
| 100 |
1 |
|
|a Link, Albert N.
|
| 245 |
1 |
0 |
|a Employment growth from public support of innovation in small firms
|h [electronic resource] /
|c Albert N. Link, John T. Scott.
|
| 260 |
|
|
|a Kalamazoo, Mich. :
|b W.E. Upjohn Institute for Employment Research,
|c 2012.
|
| 300 |
|
|
|a xi, 177 p.
|
| 504 |
|
|
|a Includes bibliographical references and index.
|
| 533 |
|
|
|a Electronic reproduction. Ann Arbor, MI : ProQuest, 2015. Available via World Wide Web. Access may be limited to ProQuest affiliated libraries.
|
| 650 |
|
0 |
|a Small business
|z United States.
|
| 650 |
|
0 |
|a Research, Industrial
|z United States.
|
| 650 |
|
0 |
|a Technological innovations
|x Economic aspects
|z United States.
|
| 650 |
|
0 |
|a Job creation
|z United States.
|
| 650 |
|
0 |
|a Labor market
|z United States.
|
| 655 |
|
4 |
|a Electronic books.
|
| 700 |
1 |
|
|a Scott, John T.,
|d 1947-
|
| 710 |
2 |
|
|a ProQuest (Firm)
|
| 856 |
4 |
0 |
|u https://ebookcentral.proquest.com/lib/matrademy/detail.action?docID=3417270
|z Click to View
|